000 00501nam a22001577a 4500
005 20231027090805.0
008 231027b |||||||| |||| 00| 0 eng d
041 _aEnglish
082 _a348 BRO
100 _aBrokensha, JR
_lEnglish
245 _aA Digest of Selected South African Criminal Cases /
_cJR Brokensha
260 _aDurban :
_bButterworth and Company Ltd,
_c1960
300 _bxlvii, 387 pages ;
_c25 cm.
650 _aLegal practice
_bLaw
942 _cBK
_6ALISON_BN_VRIES
999 _c106
_d106